La Nueva España: patria y religión
שמור ב:
| מחבר ראשי: | |
|---|---|
| פורמט: | ספר |
| שפה: | ספרדית |
| יצא לאור: |
Ciudad de México, México
Fondo de Cultura Económica
2015
|
| נושאים: | |
| תגים: |
הוספת תג
אין תגיות, היה/י הראשונ/ה לתייג את הרשומה!
|
MARC
| LEADER | 00000cam a2200000 a 4500 | ||
|---|---|---|---|
| 001 | UCD8625 | ||
| 003 | CL-VaPUC | ||
| 005 | 20210527001505.0 | ||
| 008 | 170519e20150000mx |||||||||||||||||spa|d | ||
| 999 | |c 367979 |d 367977 | ||
| 020 | |a 9786071632135 | ||
| 040 | |c Pontificia Universidad Católica de Valparaíso | ||
| 082 | 0 | 4 | |a 972.02 BRA 2015 |2 21 |
| 100 | 0 | |a Brading, David A |e author |9 592120 | |
| 245 | 1 | 3 | |a La Nueva España: |b patria y religión |
| 260 | |a Ciudad de México, México |b Fondo de Cultura Económica |c 2015 | ||
| 300 | |a 311 páginas | ||
| 583 | |a last modification |c 20170519 15:42:00 |k Rodrigo Vera | ||
| 650 | 0 | |a Historia de América |9 266076 | |
| 650 | 0 | |a Historia de México |9 321806 | |
| 650 | 0 | |a Catolicismo |z MEXICO |9 258690 | |
| 650 | 7 | |a EVANGELIZACION |2 CL-VaPUC |9 592121 |z MEXICO | |
| 852 | |a BIBCUR | ||
| 942 | |c BK |2 ddc | ||
| 945 | |d 20170519 15:42:00 |a dcastane | ||
| 952 | |0 0 |1 0 |2 ddc |3 erb |4 0 |6 972_020000000000000_BRA_2015 |7 0 |8 A |9 483212 |a BIBHIS |b BIBHIS |i 5376351 |o 972.02 BRA 2015 |p 5376351 |r 2025-01-20 |t 1 |w 2019-11-24 |y BK |z Catalogado en:20170519 |k HIS | ||